Movies Quiz

Random Movies or Clickable Quiz
Score 0/18 Timer 05:00
0 Plays Today
% Correct
Winnie the Pooh
97.7%
Bambi
97.4%
Simba
97.2%
Ariel
96.5%
Rapunzel
95.8%
Pocahontas
95.5%
Snow White
95.2%
Belle
94.7%
Jasmine
94%
% Correct
Kuzco
93.2%
Cinderella
92.7%
Moana
92.2%
Tiana
91.9%
Mulan
90.7%
Aladdin
90.2%
Anna
89.3%
Aurora
88.7%
Elsa
87.2%
Remove Ads.
Support Sporcle.
Get the best of Sporcle when you Go Orange. This ad-free experience offers more features, more stats, and more fun while also helping to support Sporcle. Thank you for becoming a member.

You're not logged in!

Compare scores with friends on all Sporcle quizzes.
OR
Log In

Sporcle TV

Today on Sporcle TV


Watch our educational content, quiz creation guides, and fun videos on Sporcle TV.

Show Comments

Extras

Top Quizzes Today


Score Distribution

Paid Content

Your Account Isn't Verified!

In order to create a playlist on Sporcle, you need to verify the email address you used during registration. Go to your Sporcle Settings to finish the process.

Report this User

Report this user for behavior that violates our Community Guidelines.

Details: